Guess the Taylor Swift Song (no hints) 12 - Statistics

General Stats
  • This quiz has been taken 391 times
  • The average score is 225 of 330
Answer Stats
Answer % Correct
I
100%
a
96%
A
96%
the
94%
The
94%
me
92%
It
91%
it?"
91%
it
91%
and
89%
And
89%
is
88%
to
88%
on
87%
in
85%
do
84%
she
84%
"She
84%
She
84%
"Who
84%
Who
84%
by
83%
was
82%
They
81%
they
81%
were
81%
this
80%
if
79%
of
79%
so
79%
what
79%
Her
78%
her
78%
"There
78%
There
78%
ever
77%
men
75%
say
75%
then
75%
up
75%
up,
75%
been
74%
been"
74%
had
74%
said,
74%
said
74%
that
74%
did
73%
has
73%
time
73%
all
72%
have
72%
last
72%
St.
72%
with
72%
at
71%
never
71%
his
70%
goes
68%
great
68%
seen"
68%
seen
68%
American
67%
"How
67%
knows
67%
could've
66%
dynasty"
65%
him
65%
out
65%
women
65%
everything"
64%
everything
64%
Their
64%
their
64%
town
64%
woman
64%
off
63%
down
61%
from
60%
house
60%
House"
60%
House
60%
showed
60%
ruinin'
58%
loud
57%
marvelous
57%
green
56%
gave
55%
"Holiday
55%
Holiday
55%
little
55%
train
55%
called
54%
dog
54%
heart
54%
new
54%
sunny
54%
dyed
53%
Free
53%
lime
53%
money
53%
only
53%
Rhode
53%
stole
53%
There's
53%
bought
52%
key
52%
long
52%
occasion
52%
told
52%
afternoon
51%
home
51%
rode
50%
bad
49%
loudest
49%
Louis
49%
middle
49%
name
49%
Island
48%
maddest
48%
mind
48%
must
48%
neighbor
48%
set,
48%
class
47%
far
47%
friends
47%
midnight
47%
parties
47%
settle
47%
Took
47%
rocks,
46%
wedding
46%
years
46%
charming,
45%
doctor
45%
fault
45%
feud
45%
sea
45%
beach
44%
boys
44%
divorcée
43%
forever
43%
Rebekah
43%
tasteful,
43%
big
42%
city
42%
most
42%
quietly
42%
staring
42%
50
41%
habits
41%
madness,
41%
picked
41%
sat
41%
Standard
41%
card
40%
champagne
40%
Flew
40%
heir
40%
Oil
40%
Pacing
40%
game
39%
ballet
38%
Bill
38%
names
38%
Pack
38%
swam
38%
coast
37%
pool
37%
bets
36%
Bitch
36%
Filled
36%
gauche
36%
shameless
36%
through
36%
blew
35%
losin'
31%
saltbox
30%
Dalí
27%
No matching quizzes found
Score Distribution
Percent of People with Each Score
Percentile by Number Answered
Your Score History
You have not taken this quiz